Statistics for SAT Words HARD Click Quiz - S #4 - Daily Word Quiz!

Click here to take the quiz!

General Stats

  • This quiz has been taken 41 times
  • The average score is 11 of 16

Answer Stats

HintAnswer% Correct
Make something holy or purified of sin; consecrateSanctify
97%
Plod through a persistently arduous taskSlog
97%
Easily nauseated or disgustedSqueamish
97%
Deeply sigh, often to express relief or exhaustionSuspire
85%
The display of aggression to assert dominanceSabre-Rattling
82%
System of communication that uses visual cues, particularly two flagsSemaphore
79%
Excessively filling or unappetizingStodgy
79%
Obsolete due to old age or extended service; excessively old-fashionedSuperannuated
76%
Congenital fusion of two or more human fingers or toesSyndactyly
74%
Person who maintains an enigmatic or mysterious figureSphinx
71%
Render ineffective, absurd, or meaningless; impair, invalidateStultify
71%
Loosen, scratch, or breakup some surface, such as a field or the skinScarify
50%
Thick, knotty stick or club used as a cudgelShillelagh
47%
Rapidly move in the manner of low-level cloudsScud
44%
Wise and just legislatorSolon
41%
Tapering to a fine point; awl-like or needle-shapedSubulate
35%

Score Distribution

Percentile by Number Answered

Percent of People with Each Score

Your Score History

You have not taken this quiz